000 003600000a22001570004500
003 LK-CoMWRAF
005 20230908142641.0
008 230817t2001 ||||| |||| 00| 0 eng d
040 _aLK-CoMWRAF
_dLK-CoMWRAF
_eLK-CoMWRAF
041 _aeng
082 _a823
_bWAV
245 _aWaves
260 _aColombo :
_bWadiya Group,
_c2001
300 _a96p
942 _cBK
999 _c197
_d197